Trouvez le suffixe de chaque peuple d'Asterix - Statistiques

Statistiques générales
  • Ce quiz a été pris 788 fois
  • Le résultat moyen est 7 sur 16
Statistiques - réponses
Peuples Suffixes % Correct
Les Gaulois ix
100%
Les Gaulois ine/a
88%
Les Romains us
86%
Les Romains a
57%
Les Égyptiens is
52%
Les Grecs os/as/is
37%
Les Corses ix
35%
Les Corses a
33%
Les Bretons ax
31%
Les Belges ix
29%
Les Ibères on
27%
Les Belges ine
26%
Les Normands af
23%
Les Helvètes ix
23%
Les Goths ic
19%
Les Vikings en
8%
Aucun quiz correspondant
Distribution des résultats
% des personnes avec chaque résultat
Percentile par nombre de réponses
Votre historique - résultats
Vous n’avez pas pris ce quiz